Word Ladder: Musical Artist Missing Word III Quiz Stats

 Plays Quiz Updated Jul 16, 2018

Score 0/40 Timer 04:00
1 Play Today
Clue 4-Letter Word % Correct
• Marvin ____• GAYE •
94.7%
• ____ Estate •• REAL •
89.7%
Curl up with a good bookREAD
89.7%
Part of a bride's get-upVEIL
89.1%
• Lady ____• GAGA •
88.6%
Wiener schnitzel meatVEAL
88.5%
In baseball, it's grandSLAM
87.8%
1/1000 of a kiloGRAM
86.8%
Prefix with 'byte'GIGA
85.8%
Source of waterWELL
85.7%
Web conversationCHAT
85.6%
• ____ Smith •• WILL •
85.6%
Grind food in the mouthCHEW
85.6%
Study hard and hastilyCRAM
85%
Denver is this highMILE
84.9%
Early rock genre for David BowieGLAM
84.1%
Instruction in many a steak recipeSEAR
84.1%
British fellowCHAP
82.5%
• ____ Kennedys •• DEAD •
82.3%
First word of a letterDEAR
82.2%
Clue 4-Letter Word % Correct
To box for practiceSPAR
82%
Thunderous soundCLAP
81.4%
• ____ Young •• NEIL •
80.8%
Monty Python's 'Egg, bacon, sausage and ____'SPAM
79.9%
Famed Phineas impaled by an iron rodGAGE
79.6%
• ____ Baker •• CHET •
79.4%
Internet journalBLOG
77.1%
Jodie Foster title roleNELL
76.8%
Latvia's largest city and capitalRIGA
76.1%
A beguiling or playful trickWILE
75.7%
Ceremonial occasionRITE
74.3%
• ____ Coolidge •• RITA •
74.2%
To whip someone severelyFLOG
71.6%
• Cutting ____• CREW •
68.4%
Crop of a birdCRAW
66.9%
Computer alternatives to touchpadsMICE
65.8%
• Black ____• FLAG •
64%
Move something up and down or back and forthFLAP
62.3%
• Damien ____• RICE •
62.1%
• ____ Party •• BLOC •
53.1%

Today's Daily Dose

Missing Word
No Snow!

Word Ladder
Wild Cats

On This Day
December 16th II

You're not logged in!

Compare scores with friends on all Sporcle quizzes.
OR
Log In

You Might Also Like...

Show Comments

Extras

Top Quizzes Today


Score Distribution

Your Account Isn't Verified!

In order to create a playlist on Sporcle, you need to verify the email address you used during registration. Go to your Sporcle Settings to finish the process.

Report this User

Report this user for behavior that violates our Community Guidelines.

Details: